Представление документа в формате RUSMARC

ПолеНазваниеЗначение
  Тип записи a
  Библиографический уровень m
001 Контрольный номер RU/IS/BASE/483703888
005 Дата корректировки 20240209174555.0
010 Индекс ISBN __
a ISBN 5-85066-274-Х
b Уточнения в пер.
d Цена 40 р. 00 к.
9 Тираж 16 000 экз.
100 Данные общей обработки __
a Данные общей обработки 20150430d2015 ||| 0rusy0189 ca
101 Язык документа 0_
a Язык текста rus
102 Страна публикации __
a Страна публикации RU
105 Кодированные данные (монография) __
a Кодированные данные (монография) y###||||000|y
200 Заглавие и сведения об ответственности 1_
a Заглавие Рассказы
b Общее обозначение материала Текст
f Первые сведения об ответственности А. П. Чехов
g Последующие сведения об ответственности худож.В. Ю. Черноглазов
210 Выходные данные 1_
a Место издания Москва
c Издательство Самовар 1990
d Дата издания 2004
215 Физическое описание __
a Объем 94, [2] с.
c Иллюстрации/тип воспроизводства ил.
d Формат 22 см.
225 Серия 0_
a Серия Школьная библиотека
300 Общие примечания __
a Общие примечания Ограничения по возрасту - 6+
300 Общие примечания __
a Общие примечания Сордерж.: Каштанка ; Ванька ; Детвора ; Хамелеон ; Белолобый ; Мальчики
606 Тематические рубрики 0_
a Основная рубрика Русская детская литература, 19 в. - Рассказы
610 Ключевые слова 0_
a Ключевые слова рассказы детские
a Ключевые слова русская классика
a Ключевые слова дети
a Ключевые слова детство
a Ключевые слова животные
a Ключевые слова произведения школьной программы
686 Индексы других классификаций __
a Классификационный индекс 84(2Рос=Рус)1
2 Код системы ББК
700 Автор _0
a Фамилия Чехов
b Имя (инициалы) Антон Павлович
g Полное личное имя А. П.
801 Источник записи _0
a Страна RU
b Организация МБУК ЦБС
c Дата составления 20150430
g Правила каталогизации RCR
801 Источник записи _1
a Страна RU
b Организация МБУК ЦБС г. Ульяновска
c Дата составления 20150430
g Правила каталогизации RCR
899 Данные о местонахождении __
i Авторский знак Ч-56
j Расстановочный фильтр Р1
901 Тип документа __
t Тип документа m
910 Корректоры записи __
a Корректор записи Хисамова